LOS MÁS GRANDES ARTISTAS EUROPEOS - Estadísticas

Estadísticas generales
  • Esta prueba ha sido intentada 222 veces
  • La puntuación promedio es 22 de 50
Estadísticas de respuestas
Hint Respuesta % Correcto
(ES) Pintor y escultor, "El Guernica", "Las señoritas de Avignon"... Pablo Picasso
92%
(ES) Escritor español "El Quijote"... Miguel de Cervantes
91%
(IT) Escultor, pintor y arquitecto renacentista, "La pietà" "Il David"... Michelangelo Buonarroti
89%
(ES) Pintor, "Los fusilamientos del 3 de Mayo", "La maja desnuda"... Francisco de Goya
79%
(ES) Pintor surrealista, "El gran masturbador", "Leda atómica"... Salvador Dalí
78%
(GR) Poeta, "La Iliada", "La Odisea" Homero
77%
(IT) Pintor, inventor, científico, escritor... "Como vitruiviano", "La Gioconda"... Leonardo di ser Piero da Vinci
77%
(IT) Escritor, "La Divina Comedia", "Vita nuova"... Dante Alighieri
76%
(ES) Pintor barroco, "Las meninas", "La rendición de Breda"... Diego Rodríguez de Silva y Velázquez
76%
(ES) Arquitecto modernista, "La Sagrada Familia", "Casa Milà"... Antoni Gaudí i Cornet
74%
(DE) Compositor clásico-romántico, 9 Sinfonías, "Fidelio"... Ludwig Van Beethoven
70%
(AT) Compositor, "Le nozze di Figaro", "Don Giovanni", "Così fan tutte"... Wolfgang Amadeus Mozart
70%
(NL) Pintor del S. XIX, "La italiana", "Lirios", "La noche estrellada"... Vincent Willem van Gogh
67%
(ES) Poeta y dramaturgo de la Generación del 27, "La casa de Bernarda Alba", "Yerma"... Federico García Lorca
66%
(ES) Director de cine, "Volver", "Todo sobre mi madre", "La ley del deseo"... Pedro Almodovar
61%
(IT) Compositor romántico, "Il trovatore", "La traviata", "Rigoletto"... Giuseppe Verdi
59%
(FR) Novelista y dramaturgo, "Les trois mousquetaires"... Alexandre Dumas
56%
(FR) Poeta, dramaturgo y novelista romántico, "Les misérables"... Victor Hugo
56%
(IT) Compositor del barroco tardío, "Le quattro stagioni", "Orlando Furioso"... Antonio Lucio Vivaldi
55%
(RU) Novelista, "Guerra y Paz", "Ana Karenina"... León Tolstoi
55%
(FR) Pintor impresionista, "Impression, soleil levant", "La Gare Saint-Lazare"... Oscar-Claude Monet
54%
(RU) Compositor de música clásica, "El lago de los cisnes", "El cascanueces"... Piotr Ilich Chaikovski
51%
(IT) Pintor y arquitecto, "La fornarina", "La scuola di Atene"... Raffaello Sanzio
49%
(FR) Cantante del S. XX, "La vie en rose", "Soul le ciel de Paris"... Edith Giovanna Gassion (Edith Piaf)
44%
(IT) Escultor, pintor y arquitecto, "Palazzo Barberini", "Ratto di Proserpina"... Gian Lorenzo Bernini
44%
(FR) Compositor de música clásica, "Bolero", "Valses nobles et sentimentales"... Joseph Maurice Ravel
42%
(RU) Escritor realista, "Crimen y castigo", "El idiota"... Fiodor Dostoyevski
39%
(DE) Compositor, poeta, ensayista..., "Parsifal", "Der Ring des Nibelungen"... Wilhelm Richard Wagner
37%
(IT) Cantante de óperas Luciano Pavarotti
36%
(ES) Compositor, "El sombrero de tres picos", " El amor brujo"... Manuel María de los Dolores Falla y Matheu
35%
(FR) Escritor romántico, "La Comédie Humaine"... Honoré de Balzac
32%
(IT) Pintor barroco, "Bacchino malato", "Bacco", "Medusa", "Narciso"... Michelangelo Merisi (Caravaggio)
29%
(NL) Pintor Barroco, "El rapto de Europa", "Dánae"... Rembrandt Harmenszoon van Rijn
29%
(IT) Poeta, "Metamorfosi", "Fasti", "Heroides"... Ovidio
26%
(FR) Pintor postimpresionista, "Les Joueurs de cartes", "Les Grandes Baigneuses"... Paul Cézanne
26%
(RU) Pintor expresionista, "Cielo azul", "En blanco II"... Vasili Kandinski
26%
(IT) Director de cine, "La vita è bella", "Pinocchio"... Roberto Benigni
25%
(PT) Poeta y escritor, "Libro del desasosiego"... Fernando Pessoa
22%
(IT) Pintor renacentista, "Bacco e Arianna", "Il Baccanale degli Andrii"... Tiziano Vecellio
16%
(IT) Actriz, "Quo vadis?", "Aida", "Il viaggio", "La mortadella"... Sofia Villani Scivolone (Sofia Loren)
15%
(IT) Escritor humanista, "Canzoniere", "Secretum"... Francesco Petrarca
14%
(DE) Escritor del S. XX, "Die unendliche Geschichte", "Momo"... Michael Andreas Helmuth Ende
14%
(FR) Pintor romántico, "Médée furieuse", "La Chasse aux lions"... Eugène Delacroix
13%
(IT) Arquitecto del S. XVIII, "La puerta de Alcalá", "Real Fábrica de Armas de Toledo"... Francesco Sabatini
13%
(CZ) Coreógrafo, "Petite Morte", "Bella Figura", "Sleepless"... Jiri Kylian
10%
(PT) Cantante de Fados Amália da Piedade Rebordão Rodrigues
8%
(UKR y RU) Bailarín y coreógrafo, "L'après-midì d'un faune", "Jeux"... Vaslav Nijinsky
3%
(SE) Coreógrafo, "Giselle", "Smoke", Appartement", "Carmen"... Mats Ek
2%
(FR) Coreógrafo del S. XX, "Le Presbytère", "Piaf", "Lumière"... Maurice Béjart
2%
(FR) Primera Bailarina de la Ópera de París y del Royal Ballet de Londres Sylvie Guillem
1%
No se encontraron pruebas coincidentes
Distribución de puntuación
Porcentaje de gente con cada puntuación
Porcentaje por número respondido
Historial de tus puntuaciones
No has intentado esta prueba.